Fundamental concepts and skills for nursing: students learning guide. / (Record no. 5797)

MARC details
000 -LEADER
fixed length control field 02252cam a22004217a 4500
001 - CONTROL NUMBER
control field 17247717
005 - DATE AND TIME OF LATEST TRANSACTION
control field 20210414114507.0
007 - PHYSICAL DESCRIPTION FIXED FIELD--GENERAL INFORMATION
fixed length control field co uga---uuuuu
008 - FIXED-LENGTH DATA ELEMENTS--GENERAL INFORMATION
fixed length control field 120409s2005 paua b 001 0 eng
010 ## - LIBRARY OF CONGRESS CONTROL NUMBER
LC control number 2012452215
016 7# - NATIONAL BIBLIOGRAPHIC AGENCY CONTROL NUMBER
Record control number 101235239
Source DNLM
020 ## - INTERNATIONAL STANDARD BOOK NUMBER
International Standard Book Number 0721603114 (pbk.)
020 ## - INTERNATIONAL STANDARD BOOK NUMBER
International Standard Book Number 9780721603117 (pbk.)
035 ## - SYSTEM CONTROL NUMBER
System control number (OCoLC)ocm56968838
040 ## - CATALOGING SOURCE
Original cataloging agency NLM
Transcribing agency NLM
Modifying agency TXM
-- CUS
-- IXA
-- BAKER
-- MUQ
-- YDXCP
-- CGC
-- AU@
-- HALCL
-- BDX
-- DLC
042 ## - AUTHENTICATION CODE
Authentication code nlmcopyc
-- lccopycat
050 00 - LIBRARY OF CONGRESS CALL NUMBER
Classification number RT41
Item number .D443 2005
060 00 - NATIONAL LIBRARY OF MEDICINE CALL NUMBER
Classification number 2004 N-144
060 10 - NATIONAL LIBRARY OF MEDICINE CALL NUMBER
Classification number WY 100
Item number D521f 2005
082 04 - DEWEY DECIMAL CLASSIFICATION NUMBER
Classification number 610.73
Edition number 22
100 1# - MAIN ENTRY--PERSONAL NAME
Personal name DeWit, Susan C.
245 10 - TITLE STATEMENT
Title Fundamental concepts and skills for nursing: students learning guide. /
Statement of responsibility, etc. Susan C. deWit ; photographs by Jack Sanders.
250 ## - EDITION STATEMENT
Edition statement 3rd ed.
260 ## - PUBLICATION, DISTRIBUTION, ETC.
Place of publication, distribution, etc. Philadelphia :
Name of publisher, distributor, etc. Elsevier,
Date of publication, distribution, etc. c2005.
300 ## - PHYSICAL DESCRIPTION
Extent xii, 526 p. :
Other physical details ill. ;
Dimensions 28 cm. +
504 ## - BIBLIOGRAPHY, ETC. NOTE
Bibliography, etc. note Includes bibliographical references and index.
505 ## - FORMATTED CONTENTS NOTE
Formatted contents note Contents: Introduction to nursing and he health care system -- The Nursing process -- Communication in nursing -- Developmental, psychosocial and cultural considerations -- Basic nursing skills
520 1# - SUMMARY, ETC.
Summary, etc. "The first edition of Fundamental Concepts and Skills for Nursing rapidly became the textbook of choice for both students and instructors. By providing just the right level of coverage of the fundamental concepts and skills for the LPN/LVN student, combined with a superior teaching and learning package, this new edition will continue to be the textbook of choice for many years to come!."--BOOK JACKET.
650 #0 - SUBJECT ADDED ENTRY--TOPICAL TERM
Topical term or geographic name entry element Nursing.
650 12 - SUBJECT ADDED ENTRY--TOPICAL TERM
Topical term or geographic name entry element Nursing Process.
650 22 - SUBJECT ADDED ENTRY--TOPICAL TERM
Topical term or geographic name entry element Nursing Care.
650 #6 - SUBJECT ADDED ENTRY--TOPICAL TERM
Topical term or geographic name entry element Soins infirmiers.
776 08 - ADDITIONAL PHYSICAL FORM ENTRY
Relationship information Online version:
Main entry heading DeWit, Susan C.
Title Fundamental concepts and skills for nursing: student learning guide.
Edition 3rd ed.
Place, publisher, and date of publication Philadelphia : Elsevier, c2009
Record control number (OCoLC)607529875
776 08 - ADDITIONAL PHYSICAL FORM ENTRY
Relationship information Online version:
Main entry heading DeWit, Susan C.
Title Fundamental concepts and skills for nursing: student learning guide.
Edition 3rd ed.
Place, publisher, and date of publication Philadelphia : Elsevier, c2009
Record control number (OCoLC)608896110
906 ## - LOCAL DATA ELEMENT F, LDF (RLIN)
a 7
b cbc
c copycat
d 2
e epcn
f 20
g y-gencatlg
942 ## - ADDED ENTRY ELEMENTS (KOHA)
Source of classification or shelving scheme Library of Congress Classification
Koha item type Books
Holdings
Withdrawn status Lost status Source of classification or shelving scheme Damaged status Not for loan Home library Current library Shelving location Date acquired Total Checkouts Full call number Barcode Date last seen Price effective from Koha item type
    Library of Congress Classification     WISCONSIN INTERNATIONAL UNIVERSITY COLLEGE, GHANA - MAIN LIBRARY WISCONSIN INTERNATIONAL UNIVERSITY COLLEGE, GHANA - MAIN LIBRARY nursing 29/10/2015   RT41 .D443 2005 NURS/200/15 29/10/2015 29/10/2015 Books

If you have any concerns or questions; kindly contact the library


© Powered by WIUC ICT DIRECTORATE